Zgadnij piosenkę po jej fragmencie - Statystyki

Ogólne statystyki
  • Ten quiz został rozwiązany 68 razy
  • Średni wynik to 2 z 8
Statystyki odpowiedzi
Odpowiedź % Poprawnych
Ona by chciała wiedzieć, jakie mam plany Co o niej wiem, mówi językiem ciała (u) Mówi mi bierz, co chcesz "język ciała" - Tymek
96%
Jeśli to ostatni w życiu dzień Jeśli jutra nie ma być na pewno "wszystko jedno" - video
23%
Podnieś ręce w górę, ręce w górę wznieś. Zaśpiewaj chórem z Nami prostą pieśń. Raz w jedną stronę, potem w drugą też, Za chwilę sprawdzę czy zdacie ten test! "z lewa do prawa" - Nowator
19%
Może kiedyś się dowiem Znajdę odpowiedź Czym się stajemy Gdy jesteśmy już tam "o nich, o Tobie" - Sylwia Grzeszczak
11%
'cause I know I don't understand Just how your love can do what no one else can "crazy in love" - Beyoncé
4%
Baby, I can make that pussy rain, often "often" - the weeknd
4%
Now he's grabbing her hips and pulling her in Kissing her lips and whispering in her ear "Water Fountain" - Alec Benjamin
2%
Poskładany z kłamstw, takiej chwili jak Tamten wieczór, który nie był nasz "to nie ja" - Marceli Józefowicz
0%
Nie znaleziono quizów pasujących do podanych kryteriów
Rozkład punktacji
Procent ludzi z każdym wynikiem
Percentyl według liczby udzielonych odpowiedzi
Twoja historia wyników
Nie rozwiązałeś tego quizu